| 000 | 00552nam a22001817a 4500 | ||
|---|---|---|---|
| 999 |
_c187975 _d187975 |
||
| 005 | 20220506115840.0 | ||
| 010 | _aENG-132538 | ||
| 020 |
_a9788192580838 _c450.00 |
||
| 035 | _aEN-116070 | ||
| 037 | _bDBAD/PUB | ||
| 082 | _a294.5513 | ||
| 100 | _aChandrashekharaiah | ||
| 245 |
_aA Survey of Virashaiva Religion And Literature/ _cChandrashekharaiah |
||
| 260 |
_aMysore _bSamvahana _c2013 |
||
| 270 |
_a#12/1, Behind Evening Bazaar Shivarampet _bMysore _e570001 |
||
| 300 |
_a542p. _c22cm(hbk) |
||
| 942 |
_2ddc _cEN _h294.5513 _mCHA |
||